The Oxford handbook of Seventh-Day Adventism / (Record no. 25052)

MARC details
000 -LEADER
fixed length control field 03099cam a2200337 i 4500
001 - CONTROL NUMBER
control field 23564031
003 - CONTROL NUMBER IDENTIFIER
control field AUA.1
005 - DATE AND TIME OF LATEST TRANSACTION
control field 20250408084030.0
008 - FIXED-LENGTH DATA ELEMENTS--GENERAL INFORMATION
fixed length control field 250408s2024 nyu b 001 0 eng
010 ## - LIBRARY OF CONGRESS CONTROL NUMBER
LC control number 2024004675
020 ## - INTERNATIONAL STANDARD BOOK NUMBER
International Standard Book Number 9780197502297
Qualifying information (hardback)
040 ## - CATALOGING SOURCE
Original cataloging agency DLC
Language of cataloging eng
Description conventions rda
Transcribing agency DLC
Modifying agency DLC
-- JTL
042 ## - AUTHENTICATION CODE
Authentication code pcc
050 00 - LIBRARY OF CONGRESS CALL NUMBER
Classification number BX6106
Item number .O94 2024
082 00 - DEWEY DECIMAL CLASSIFICATION NUMBER
Classification number 286.7/32
Edition number 23/eng/20240222
245 04 - TITLE STATEMENT
Title The Oxford handbook of Seventh-Day Adventism /
Statement of responsibility, etc [edited by] Michael W. Campbell, Christie Chui-Shan Chow, David F. Holland, Denis Kaiser, and Nicholas P. Miller ; with David F. Holland, associate editor.
260 ## - PUBLICATION, DISTRIBUTION, ETC. (IMPRINT)
Place of publication, distribution, etc New York, NY :
Name of publisher, distributor, etc Oxford University Press,
Date of publication, distribution, etc c2024.
300 ## - PHYSICAL DESCRIPTION
Extent xiv, 605 pages ;
Dimensions 26 cm
504 ## - BIBLIOGRAPHY, ETC. NOTE
Bibliography, etc Includes bibliographical references and index.
520 ## - SUMMARY, ETC.
Summary, etc "Seventh-day Adventism is the largest religious group to have emerged out of the Millerite revivals of the 1840s. These revivals culminated in the expectation that Jesus would literally return to earth in 1844. After the hoped-for event did not materialize, Adventists searched for Biblical explanations. They wove together beliefs in the heavenly sanctuary, the seventh-day Sabbath, and Christian mortalism, into a cohesive theology. Along with their premillennial eschatology, these beliefs served as the foundation of a new denomination under the leadership of James and Ellen White, pastor and prophet respectively, and abolitionist reformer Joseph Bates. By the early twentieth century, the Adventist movement had spread around the globe. Cultural contributions include innovations in medical science, health foods, archaeology, and widespread educational initiatives. Adventism in its various forms is an important and emerging field of study. This handbook provides a comprehensive overview of its most influential manifestation. Part I starts with a section on the roots and religious context in which Adventism arose. Part II examines the Adventist commitment to the central role of the Bible as well as its relationship to Ellen G. White's writings. Part III offers an overview of Seventh-day Adventist theology. Part IV examines Adventist worship and ritual practices. Part V focuses on the structure, activities, and institutions of the Church. Part VI showcases the history and nature of Adventism across the globe. The final section reviews Adventist engagement in cultural, social, and political issues"--
650 #0 - SUBJECT ADDED ENTRY--TOPICAL TERM
Topical term or geographic name as entry element Seventh-Day Adventists.
700 1# - ADDED ENTRY--PERSONAL NAME
Personal name Campbell, Michael W.
Titles and other words associated with a name (Teacher of Systematic Theology),
Relator term editor.
700 1# - ADDED ENTRY--PERSONAL NAME
Personal name Chow, Christie Chui-Shan,
Relator term editor.
700 1# - ADDED ENTRY--PERSONAL NAME
Personal name Holland, David F.,
Relator term editor.
700 1# - ADDED ENTRY--PERSONAL NAME
Personal name Kaiser, Denis,
Relator term editor.
700 1# - ADDED ENTRY--PERSONAL NAME
Personal name Miller, Nicholas Patrick,
Relator term editor.
776 08 - ADDITIONAL PHYSICAL FORM ENTRY
Display text Online version:
Title Oxford handbook of Seventh-Day Adventism
Place, publisher, and date of publication New York, NY : Oxford University Press, [2024]
International Standard Book Number 9780197502310
Record control number (DLC) 2024004676
906 ## - LOCAL DATA ELEMENT F, LDF (RLIN)
a 7
b cbc
c orignew
d 1
e ecip
f 20
g y-gencatlg
942 ## - ADDED ENTRY ELEMENTS (KOHA)
Source of classification or shelving scheme Library of Congress Classification
Koha item type Books
Classification part BX 6106
Item part .O94 2024
Holdings
Withdrawn status Lost status Source of classification or shelving scheme Damaged status Not for loan Collection code Home library Current library Shelving location Date acquired Serial Enumeration / chronology Total Checkouts Full call number Date last seen Price effective from Koha item type
    Library of Congress Classification     EGW Estate Branch Office Judith Thomas Library Judith Thomas Library EGW Estate Branch Office 08/04/2025 1308   BX 6106 .O94 2024 08/04/2025 08/04/2025 Books